| 000 | 01453cam a2200337 i 4500 | ||
|---|---|---|---|
| 001 | 65253 | ||
| 003 | Mx-PuUPA | ||
| 005 | 20240410104235.0 | ||
| 008 | 080609s2019 mx a gr 000 f spa d | ||
| 020 | _a9786073177535 | ||
| 040 |
_aMx-PuUPA _dMx-PuUPA _cMx-PuUPA _erda _bspa |
||
| 041 | 1 |
_aspa _heng |
|
| 100 | 1 |
_aRiggs, Ransom, _911062 _eautor _d1979- |
|
| 240 | 1 | 2 |
_aA maps of days, the fourth novel of Miss peregrine's peculiar children. _lEspañol |
| 245 | 1 | 3 |
_aEl mapa de los días / _cRansom Riggs ; traducción de Victoria Simó |
| 246 | 1 | 4 |
_aEl mapa de los días : _bla cuarta novela de : el hogar de Miss Peregrine para niños peculiares |
| 246 | 1 | 0 |
_iTambien conocido como: _aEl hogar de Miss Peregrine para niños peculiares. _n4. _pEl mapa de los días. |
| 250 | _aPrimera edición | ||
| 264 | 1 |
_aCiudad de México : _bAlfaguara, _c2019 |
|
| 300 |
_a502 páginas : _bilustraciones ; _c22 cm |
||
| 336 |
_2rdacontent _atexto _btxt |
||
| 337 |
_2rdamedia _asin medio _bn |
||
| 338 |
_2rdacarrier _avolumen _bnc |
||
| 490 | 0 |
_aEl hogar de Miss Peregrine para niños peculiares ; _v[4] |
|
| 700 | 1 |
_aSimó, Victoria, _etraductor |
|
| 765 | 0 | 8 |
_aRiggs, Ransom, 1979- _tA maps of days, the fourth novel of Miss peregrine's peculiar children. |
| 942 |
_2ddc _h808.0683872 _iR565 _cLI |
||
| 999 |
_c65253 _d65253 |
||